000 00749nam a2200253 i 4500
001 12985
003 ES-MaACL
005 20251122151508.0
007 t|
008 940210s1993 sp |||| |bspa
020 _a84-86293-81-2
080 _a929 Hernández, Miguel
100 1 _aCollado, Pedro.
_939658
245 1 0 _aMiguel Hernández y su tiempo /
_cPedro Collado.
250 _a1ª ed.
260 _aMadrid :
_bVOSA,
_c1993.
300 _a259 p. ;
_c20 cm.
490 1 _aDocumentos
504 _aBibliografía: p. 257-259.
600 1 4 _aHernández, Miguel,
_d1910-1942-
_xBiografías
_962845
830 1 _aDocumentos
_9177791
852 _aES-MaACL
_jL-20341
_z- Dedicatoria autógrafa del autor
999 _c12985
_d12985